| 000 | 00620nam a22001817a 4500 | ||
|---|---|---|---|
| 999 |
_c526480 _d526480 |
||
| 003 | NUST | ||
| 020 |
_a978-969-593-112-7 _qHBK |
||
| 038 | _aFaiza | ||
| 082 |
_a891.42 _bSAL |
||
| 100 |
_aPasha, Saleem _917488 |
||
| 245 |
_aImroz : Muhabat da Lok geet jehno naan di Lor nahi / _cSaleem Pasha |
||
| 260 |
_aLahore : _bSanjh Publications, _c2013. |
||
| 300 | _a103p. ; | ||
| 880 |
_6100-01\r _aسلیم پاشا |
||
| 880 |
_6245-02\r _aاِمروز : محبت دا لوک گیت جنہوں ناں دی لوڑ نہیں / |
||
| 880 |
_6260-03\r _aلاہور : _bسانجھ پبلیکیشنز, _c۲۰۱۳. |
||
| 942 |
_2ddc _cBK |
||